000 00484nam a2200145Ia 4500
008 100122s9999 xx 000 0 und d
082 _b36874
_a928
100 _aबेडेकर विश्रांम
245 _aएक झाड दोन पक्षी
260 _bपॉप्युलर प्रकाशन
_c1905
300 _a315
630 _aएक झाड दोन पक्षी
730 _aएक झाड दोन पक्षी
942 _cBOOK
999 _c419474
_d419471